000 00997cam a22002531 4500
001 he 68003137
003 DLC
005 20260227111504.0
008 821209s1966 is 000 0 heb
010 _ahe 68003137
035 _a(OCoLC)19155941
040 _aDLC
_cMH
_dDLC
042 _apremarc
050 0 0 _aHD1537.I82
_bA4 1966
110 2 _aAgricultural Workers' Organization (Israel)
245 1 0 _aDevarim ba-Ṿeʻidah ha-ḥaḳlaʼit ha-ʻaśirit :
_bTel Aviv, 7-10 Adar 727, 27 le-Februar-2 le-Mars 1966 /
_c[ha-ʻorekh Tsevi Magen]
260 _a[Tel Aviv] :
_bha-Merakz ha-ḥaḳlaʼi
_c[1966?]
300 _a420 p. :
_bill., group ports.,
_c24 cm.
500 _aAt head of title: ha-Histadrut ha-kelalit shel ha-ʻovdim be-Erets Yiśraʼel, Histadrut ha-poʻalim ha-ḥaḳlaʼim.
611 2 0 _aAgricultural Workers' Organization (Israel). Ṿeʻidah
_n(10th:
_d1966)
650 0 _aAgricultural laborers
_zIsrael.
700 1 _aMagen, Tsevi,
_eed.
752 _aIsrael
_dTel Aviv
999 _c33796
_d33796